000 00681 a2200193 4500
999 _c4854
_d4854
020 _a0618314229
050 0 0 _aQA 154.2 LAR 2004
100 1 _aLarson, Ron,
_d1941-
_eauthor
245 1 0 _aCollege algebra /
_cRoland E. Larson, Robert P. Hostetler ; with the assistance of David C. Farvo
250 _a6th ed.,
264 _aBoston :
_bHoughton Miffin Company
_c2004
300 _axxv, 675p,, A210. :
_bill. (some col.) ;
500 _aIncludes indexes.
650 0 _aAlgebra.
700 1 _aHostetler, Robert P.
_eauthor
700 1 _aFarvo, David C.
_eauthor
942 _2lcc
_cBK
_e6th
_h154.2
_iLAR
_kQA